00930nam a2200253 i 4500003000900000005001700009007000300026008004100029040003000070082001900100110003200119240001700151245011100168264006500279300002500344336002700369337003300396338002800429590002700457910001400484942001300498952014800511999001700659DO-SdBNP20250314143226.0ta250314s2007 dr 000 0 spa d aDO-SdBNPbspacBNPHUerda axxxbR426L222 aRepública Dominicana944710a[leyes,etc.]10aLey 89-05 :bque crea el Colegio Dominicano de Notarios promulgada en fecha 24 de febrero de año 2005 / 1aSanto Domingo :b[Colegio Dominicano de Notarios], c[2007]. a10 páginasc21 cm. atextobtxt2rdacontent asin mediaciónbn2rdamedia avolumenbnc2rdacarrier aInventariado, 2025/ YL aYLockward 2ddccLF2 00102ddc51708PD-FaBNPHUbBNPHUcCTd2021-03-24eDonado por Julián Amarol0oBNPHU F-PD xxx R426Lp2025-1898r2025-03-14w2025-03-14yLF2 c58435d58435